000 00548nam a22001457a 4500
008 140822b xxu||||| |||| 00| 0 eng d
020 _a0406090858
050 _aKD275.4.L39(1890 vol.15)
245 _aThe Law Reports, Appeal Cases(1890 vol.15): Under the superintendence and control of the Incorporated Council of Law Reporting for England and Wales. /
_cedited by A.P. Stone
260 _aLondon:
_bButterworth & Co. Ltd,
_c1890.
300 _axi, 555p.
_c24cm.
440 _pAppeal cases 1890
_vVol. 15
700 _aStone, A.P.
942 _2lcc
_cBK
999 _c3714
_d11214